00531nam a2200157 a 450000100100000000500170001000800410002704000250006811000350009324500240012826000560015230000340020804900090024295201050025199900170035600003178020200930063156.0110701s1998 dr ac 000 0 spa d aDO-SdBNPbspacBNPHU2 aBanco Popular Dominicano9689210aMemoria anual 1998. aSanto Domingo :bBanco Popular Dominicano,c[1998]. a70 p. :bil.,retrs. ;c30 cm. aBNPD 0010718PDaPDbPDcCTd2011-07-01iLF1l0o p31780-10r2020-06-25w2020-06-25yLFPDZNo se presta c31272d31272